Lí luận giáo dục

KHQL Lý luận giáo dục phổ thông; KHQL Lý luận dạy học

Αποθηκεύτηκε σε:
Λεπτομέρειες βιβλιογραφικής εγγραφής
Κύριος συγγραφέας: Phạm, Viết Vượng
Μορφή: Βιβλίο
Γλώσσα:Undetermined
Έκδοση: H. ĐHSP 2005
Θέματα:
Διαθέσιμο Online:http://lrc.tdmu.edu.vn/opac/search/detail.asp?aID=2&ID=5487
Ετικέτες: Προσθήκη ετικέτας
Δεν υπάρχουν, Καταχωρήστε ετικέτα πρώτοι!
Thư viện lưu trữ: Trung tâm Học liệu Trường Đại học Thủ Dầu Một
LEADER 00669nam a2200205Ia 4500
001 TDMU_5487
008 210410s9999 xx 000 0 und d
082 |a 370.1 
090 |b PH104 
100 |a Phạm, Viết Vượng 
245 0 |a Lí luận giáo dục 
245 0 |c Phạm Viết Vượng 
260 |a H. 
260 |b ĐHSP 
260 |c 2005 
300 |a 130tr. 
520 |a KHQL Lý luận giáo dục phổ thông; KHQL Lý luận dạy học 
650 |a Giáo dục  |x Lí luận 
856 |u http://lrc.tdmu.edu.vn/opac/search/detail.asp?aID=2&ID=5487 
980 |a Trung tâm Học liệu Trường Đại học Thủ Dầu Một